000 00762nam a2200253 i 4500
001 bg
100 1 _aSZYDŁOWSKI, Henryk
245 1 0 _aPracownia fizyczna wspomagana komputerem /
_cHenryk Szydłowski.
250 _aWyd. 10 zm.
260 _aWarszawa :
_bWydaw. Naukowe PWN,
_c2003.
300 _aXII, 507, [1] s. :
_bil. ;
_c24 cm.
500 _aWyd. poprz. pt.: Pracownia fizyczna.
504 _aBibliogr. Indeks.
650 9 _aFizyka
655 _aPodręczniki akademickie
020 _a8301140445
040 _cBPK
041 0 _apol
080 _a53(075.8)
920 _a83-01-14044-5
942 _cKS
008 s pl f |000 0 pol
999 _c44136
_d44136
856 _uhttp://koha.tu.koszalin.pl/cgi-bin/koha/opac-detail.pl?biblionumber=44136
_yKatalog online BPK